000 00783cam a22002294a 4500
001 15045996
005 20260126164323.0
008 071016s2008 caua b 001 0 eng
020 _a9781412934305
_qcased
020 _a9781412934312
_qpbk.
050 0 0 _aHF5415.32
_b.E274 2008
082 0 0 _a658.8/342
_222
100 1 _aEast, Robert,
_d1940-
245 1 0 _aConsumer behaviour :
_bapplications in marketing /
_cby Robert East, Malcolm Wright, and Marc Vanhuele.
260 _aLos Angeles :
_bSage Publications,
_c2008.
300 _aviii, 334 p. :
_bill. ;
_c24 cm.
650 0 _aConsumer behavior.
700 1 _aWright, Malcolm,
_d1963-
700 1 _aVanhuele, Marc.
856 4 1 _3Table of contents only
_uhttp://www.loc.gov/catdir/toc/fy1001/2007939515.html
942 _2lcc
_cBK
_n0
999 _c8640
_d8640